Loading...
| Literature - American Literature | 2 | 3 | 1 | 0 | 55 | 61 | 96.40 | 2 | 5 |
| Literature - European Literature | 3 | 1 | 0 | 0 | 55 | 46 | 71.25 | 3 | 4 |
| Literature - World Literature | 1 | 1 | 0 | 0 | 25 | 16 | 72.00 | 1 | 2 |
| Social Science | 0 | 2 | 0 | 1 | 20 | 106 | 112.50 | 0 | 2 |
| Literature - British Literature | 1 | 0 | 0 | 0 | 15 | 60 | 60.00 | 1 | 1 |
| Philosophy | 0 | 2 | 1 | 1 | 15 | 116 | 119.00 | 0 | 2 |
| Other Academic | 0 | 1 | 0 | 0 | 10 | 98 | 98.00 | 0 | 1 |
| History - Ancient History | 0 | 1 | 0 | 1 | 10 | 138 | 138.00 | 0 | 1 |
| Beliefs | 0 | 1 | 0 | 0 | 10 | 87 | 87.00 | 1 | 1 |
| Science - Chemistry | 0 | 1 | 0 | 0 | 10 | 78 | 78.00 | 1 | 1 |
| Fine Arts - Other Arts | 0 | 0 | 0 | 0 | 0 | 0.00 | 0 | 0 | |
| History - World History | 0 | 0 | 1 | 0 | -5 | 0.00 | 0 | 0 | |
| Auditory Arts | 0 | 0 | 1 | 0 | -5 | 0.00 | 0 | 0 |